000 00534nam a2200169Ia 4500
008 090711s9999 xx 000 0 und d
082 _b698
100 _aवकील व्यंकटेश
245 _aतिसरे सत्य
260 _bयुगवाणी प्रकाशन
_c1948
300 _a128
600 _aवकील व्यंकटेश
630 _aतिसरे सत्य
700 _aवकील व्यंकटेश
730 _aतिसरे सत्य
942 _cBOOK
999 _c305267
_d305267